<?xml version="1.0" encoding="UTF-8"?>
<marc:record xmlns:marc="http://www.loc.gov/MARC21/slim">
   <marc:leader>00000nam a2200000 a 4500</marc:leader>
   <marc:datafield ind1="1" ind2=" " tag="100">
      <marc:subfield code="a">Erkenger, Karin</marc:subfield>
      <marc:subfield code="4">aut</marc:subfield>
      <marc:subfield code="e">Verfasser/-in</marc:subfield>
   </marc:datafield>
   <marc:datafield ind1="1" ind2=" " tag="100">
      <marc:subfield code="a">Rumpf, Christine</marc:subfield>
      <marc:subfield code="4">aut</marc:subfield>
      <marc:subfield code="e">Verfasser/-in</marc:subfield>
   </marc:datafield>
   <marc:datafield ind1="1" ind2=" " tag="100">
      <marc:subfield code="a">Reicher, Hannelore</marc:subfield>
   </marc:datafield>
   <marc:datafield ind1=" " ind2=" " tag="653">
      <marc:subfield code="a">Europa: Österreich</marc:subfield>
   </marc:datafield>
   <marc:datafield ind1=" " ind2=" " tag="653">
      <marc:subfield code="a">Soziologie (Forschung)</marc:subfield>
   </marc:datafield>
   <marc:datafield ind1=" " ind2=" " tag="653">
      <marc:subfield code="a">Erzherzog Johann Gesellschaft</marc:subfield>
   </marc:datafield>
   <marc:datafield ind1=" " ind2=" " tag="653">
      <marc:subfield code="a">Soziologie (der Menschen mit Beeinträchtigung)</marc:subfield>
   </marc:datafield>
   <marc:datafield ind1=" " ind2=" " tag="653">
      <marc:subfield code="a">Menschenbild</marc:subfield>
   </marc:datafield>
   <marc:datafield ind1=" " ind2=" " tag="653">
      <marc:subfield code="a">Konstrukt, gesellschaftliches</marc:subfield>
   </marc:datafield>
   <marc:datafield ind1=" " ind2=" " tag="653">
      <marc:subfield code="a">Klassifikation: ICF-Klassifikation</marc:subfield>
   </marc:datafield>
   <marc:datafield ind1=" " ind2=" " tag="653">
      <marc:subfield code="a">Studie | Untersuchung</marc:subfield>
   </marc:datafield>
   <marc:datafield ind1="0" ind2="0" tag="245">
      <marc:subfield code="a">Behinderung verstehen, Behinderung denken</marc:subfield>
   </marc:datafield>
   <marc:datafield ind1="0" ind2="0" tag="245">
      <marc:subfield code="b">eine qualitative Analyse von Klassifizierungsinstrumenten am Beispiel der ICF</marc:subfield>
   </marc:datafield>
   <marc:datafield ind1="0" ind2="0" tag="245">
      <marc:subfield code="c">Karin Erkenger ; Christine Rumpf. Hannelore Reicher</marc:subfield>
   </marc:datafield>
   <marc:datafield ind1=" " ind2="1" tag="264">
      <marc:subfield code="a">Graz</marc:subfield>
      <marc:subfield code="b">Institut für Erziehungs- und Bildungswissenschaft</marc:subfield>
      <marc:subfield code="c">2011</marc:subfield>
   </marc:datafield>
   <marc:datafield ind1=" " ind2=" " tag="250">
      <marc:subfield code="a">[Druck]</marc:subfield>
   </marc:datafield>
   <marc:datafield ind1="1" ind2=" " tag="520">
      <marc:subfield code="a">Um ein Grundverständnis für so genannte Klassifizierungsverfahren von Menschen mit Behinderung zu erhalten, bedarf es einer Hinführung zur Thematik. Die theoretische Aufarbeitung wissenschaftlicher Literatur der vorliegenden Masterarbeit geschieht in drei wesentlichen Abschnitten Es wird zunächst auf Definitionen, Verständnisweisen und Modelle von Behinderung eingegangen. Der zweite Teil beschäftigt sich mit grundlegenden Gesetzen für Menschen mit Beeinträchtigung. Zuletzt wird die Thematik der Klassifizierungen konkretisiert. Hierin wird die Entwicklung der von der WHO erarbeiteten Klassifizierungsinstrumente dargestellt. Anschließend wird auf International Classification of Functioning, Disability and Health als solche eingegangen.&lt;br/&gt;Die empirische Untersuchung beschäftigt sich mit den Fragestellungen, wie Menschen mit Behinderung in der Gesellschaft wahrgenommen werden, inwiefern aktuelle gesetzliche Grundlagen ein selbstbestimmtes Leben von Menschen mit Beeinträchtigung unterstützen und wie Einstufungsverfahren von betroffenen Personen erlebt werden. Zur Beantwortung dieser wurden gesamt elf ExpertInneninterviews geführt, wovon neun der interviewten Personen und zwei weitere im Bereich der Inklusion von Menschen mit Behinderungen beschäftigte ExpertInnen sind. Die qualitative Inhaltsanalyse nach Mayring (2010) zeigt, dass die betroffenen ExpertInnen zwar Fortschritte im Umgang mit Menschen mit Behinderung erkennen, eine Weiterentwicklung jedoch notwendig ist, um zu leben wie andere, nicht behinderte Menschen auch. Hinsichtlich Einstufungsverfahren zeigt sich eine Diskrepanz zwischen den Aussagen Betroffener und Durchführender. Betroffene erleben die Berücksichtigung der individuellen Komponente als zu kurz greifend, was für den im Inklusionsbereich tätigen Experten jedoch ein primäres Ziel in der Durchführung von Einstufungsverfahren darstellt.&lt;br/&gt;</marc:subfield>
   </marc:datafield>
   <marc:datafield ind1=" " ind2=" " tag="041">
      <marc:subfield code="a">ger</marc:subfield>
   </marc:datafield>
   <marc:datafield ind1=" " ind2=" " tag="500">
      <marc:subfield code="a">Masterarbeit ; Literaturverz. S. 220 - 232</marc:subfield>
   </marc:datafield>
   <marc:datafield ind1=" " ind2=" " tag="300">
      <marc:subfield code="b">Illustration(en)</marc:subfield>
   </marc:datafield>
   <marc:datafield ind1="1" ind2=" " tag="521">
      <marc:subfield code="a">16</marc:subfield>
   </marc:datafield>
   <marc:datafield ind1=" " ind2=" " tag="300">
      <marc:subfield code="a">288 Seiten</marc:subfield>
   </marc:datafield>
</marc:record>
